LEADER 00540nas a2200157 i 4500 001 000000010311 003 CaOOAMICUS 005 20180830125440.0 008 180830n it u0 ita u 040 $aSeMil$bita 245 13$aLa missione nuova /$cdiretta da Giuseppe Butturini. 260 $aBologna :$bNigrizia,$c[196?] 300 $av. ;$c21 cm. 700 1 $aButturini, Giuseppe.$0(OLS)http://semarc/name/4290 996 $6245$aLa missione nuova$9(OLS)http://semarc/title/11805 996 $6260$aBologna :$bNigrizia$9(OLS)http://semarc/publisher/31936 LEADER 01638nam a2200349 i 4500 001 000000190953 003 CaOOAMICUS 005 20190402102255.0 008 151014s1965 it u000 u fre u 013 $a169427 040 $aSeMil$bita 100 0 $aPaulus VI,$c.$0(OLS)http://semarc/name/803 240 13$aLa Chiesa.$0(OLS)http://semarc/title/275152 245 12$aL'Église et les Conciles :$bdiscours prononcés en diverses circostances /$cCardinal Jean-Baptiste Montini Archevêque de Milan ; Traduit de l'italien par Ch. Baladier pss. 260 $aParis :$bÉditions Saint-Paul,$c1965. 300 $a276 p. ;$c19 cm. 490 0 $aÉglise et spiritualités 650 4$aChiesa - Meditazioni.$0(OLS)http://semarc/subject/7470 650 4$aVescovi milanesi - Predicazione.$0(OLS)http://semarc/subject/2608 650 4$aMontini, Giovanni Battista <1897-1978> - Scritti e discorsi.$0(OLS)http://semarc/subject/9813 700 1 $aBaladier, Charles.$0(OLS)http://semarc/name/24383 830 0$aÉglise et spiritualités.$0(OLS)http://semarc/title/35346 850 $aSeMil 852 $aSeMil$W1$xVenegono$y1$m2A III 118$j141567$B141567$CSeMilBibl$Z2$F153127 $81 900 1 $aMontini, Giovanni Battista,$d<1897-1978>. 900 0 $aPaolo VI$c. 961 $aOmaggio: Martinelli don Romano 996 $6245$aL'Église et les Conciles :$bdiscours prononcés en diverses circostances$9(OLS)http://semarc/title/275151 996 $6260$aParis :$bÉditions Saint-Paul$9(OLS)http://semarc/publisher/33508